[Event "Frankfurt Ch 2006"]
[Site "Ffm-Kalbach, LAZ"]
[Date "2006.06.12"]
[Round "7.2"]
[White "Klundt, Klaus"]
[Black "Legde, Georg"]
[Result "0-1"]
[WhiteElo "2323"]
[BlackElo "2311"]
[PlyCount "82"]
[EventDate "2006.??.??"]

1. e4 c5 2. Nf3 e6 3. d4 cxd4 4. Nxd4 Nc6 5. Nc3 a6 6. Nxc6 bxc6 7. Bd3 d5 8.
O-O Nf6 9. Re1 Be7 10. e5 Nd7 11. Na4 Qc7 12. Bf4 c5 13. c4 d4 14. b3 Bb7 15.
Nb2 g5 16. Bg3 h5 17. h3 g4 18. hxg4 h4 19. Bf4 h3 20. Be4 Bxe4 21. Rxe4 hxg2
22. Kxg2 O-O-O 23. Qf3 Rdg8 24. Nd3 Bg5 25. Bg3 Bh4 26. Rh1 Bxg3 27. Rxh8 Rxh8
28. Qxg3 Rg8 29. Qf3 Qc6 30. Rf4 Qxf3+ 31. Kxf3 Rg7 32. b4 cxb4 33. Rxd4 Kc7
34. c5 a5 35. a3 b3 36. Kf4 Rg8 37. Rc4 Kc6 38. Ke3 Rb8 39. Kd2 b2 40. Nxb2
Rxb2+ 41. Ke3 Nxe5 0-1

[Event "Frankfurt Ch 2006"]
[Site "Ffm-Kalbach, LAZ"]
[Date "2006.06.12"]
[Round "7.3"]
[White "Sadeghi, Behrang"]
[Black "Loos, Roland"]
[Result "0-1"]
[WhiteElo "2168"]
[BlackElo "2307"]
[PlyCount "101"]
[EventDate "2006.??.??"]

1. e4 c6 2. d4 d5 3. f3 e6 4. Nc3 Bb4 5. e5 c5 6. a3 cxd4 7. axb4 dxc3 8. bxc3
Qc7 9. Qd4 Nc6 10. Bb5 Nge7 11. f4 Bd7 12. Qd3 O-O 13. Ne2 a6 14. Ba4 Nb8 15.
Be3 Bxa4 16. Rxa4 Nd7 17. O-O Nb6 18. Ra2 Nc4 19. Bd4 Nc6 20. Bc5 Rfc8 21. Ng3
g6 22. Bf2 a5 23. Rfa1 a4 24. Ne4 dxe4 25. Qxc4 Ne7 26. Qxc7 Rxc7 27. Rxa4 Rxa4
28. Rxa4 Nd5 29. Ra8+ Kg7 30. Bc5 h6 31. g3 Nxc3 32. Kf2 Rd7 33. Bf8+ Kh7 34.
Bd6 Nb5 35. Rb8 Na3 36. c3 Nc4 37. Ke2 b6 38. h4 Nxd6 39. exd6 Rxd6 40. Rb7 Kg7
41. c4 Rc6 42. b5 Rxc4 43. Rxb6 Rb4 44. g4 Kf6 45. Ke3 h5 46. gxh5 gxh5 47. Rb7
Kg6 48. b6 f6 49. Rb8 Kf5 50. b7 Rb3+ 51. Ke2 0-1

[Event "Frankfurt Ch 2006"]
[Site "Ffm-Kalbach, LAZ"]
[Date "2006.06.12"]
[Round "7.4"]
[White "Orwatsch, Gerhard"]
[Black "Lisanti, Andre"]
[Result "0-1"]
[WhiteElo "2005"]
[BlackElo "2281"]
[PlyCount "112"]
[EventDate "2006.??.??"]

1. d4 Nf6 2. Nf3 g6 3. Bf4 d6 4. e3 Nh5 5. Bg5 h6 6. Bh4 Nd7 7. Nbd2 Bg7 8. c3
g5 9. Bg3 Ndf6 10. Qc2 a6 11. Bd3 b6 12. Ne4 Bb7 13. Nxf6+ Bxf6 14. e4 e6 15.
Qe2 Bg7 16. Nd2 Nxg3 17. hxg3 c5 18. dxc5 bxc5 19. Rd1 Qc7 20. Nc4 Ke7 21. Bb1
Rad8 22. Ne3 Qb6 23. Nc4 Qc7 24. Ne3 Qc6 25. Nc4 Qc8 26. Bd3 Bc6 27. Ne3 Qa8
28. f3 Be5 29. Kf2 h5 30. Nc4 Bg7 31. Qe3 h4 32. g4 Qa7 33. Qxg5+ Bf6 34. Qe3
Rhg8 35. Kf1 Ba4 36. b3 Bb5 37. Be2 e5 38. Na5 Qc7 39. b4 Bg5 40. Qf2 cxb4 41.
Bxb5 axb5 42. cxb4 Qc3 43. Qe1 Qc2 44. Qe2 Rc8 45. Qxc2 Rxc2 46. Nb7 Ra8 47.
Nxd6 Raxa2 48. Nf5+ Ke8 49. g3 Rf2+ 50. Kg1 Rg2+ 51. Kf1 Raf2+ 52. Ke1 Bd2+ 53.
Rxd2 Rxd2 54. Rxh4 Ra2 55. Rh8+ Kd7 56. Kf1 Rgb2 0-1

[Event "Frankfurt Ch 2006"]
[Site "Ffm-Kalbach, LAZ"]
[Date "2006.06.12"]
[Round "7.5"]
[White "Solonar, Stefan"]
[Black "Garbe, Ralf"]
[Result "1/2-1/2"]
[WhiteElo "2264"]
[BlackElo "2157"]
[PlyCount "43"]
[EventDate "2006.??.??"]

1. Nf3 g6 2. c4 Bg7 3. Nc3 c5 4. e3 Nf6 5. d4 cxd4 6. exd4 d5 7. c5 O-O 8. Bf4
Nc6 9. Be2 Ne4 10. O-O Nxd4 11. Nxd4 e5 12. Be3 exd4 13. Bxd4 Nxc3 14. bxc3 Bd7
15. Qb3 Bc6 16. Rfd1 Bxd4 17. cxd4 Qa5 18. Bf3 Rad8 19. h4 Rfe8 20. h5 Kg7 21.
Rab1 Re7 22. Qb4 1/2-1/2

[Event "Frankfurt Ch 2006"]
[Site "Ffm-Kalbach, LAZ"]
[Date "2006.06.12"]
[Round "7.6"]
[White "Minor, Samuel"]
[Black "Isserman, Ryhor"]
[Result "0-1"]
[WhiteElo "2092"]
[BlackElo "2254"]
[PlyCount "74"]
[EventDate "2006.??.??"]

1. e4 c5 2. Nf3 Nc6 3. d4 cxd4 4. Nxd4 Nf6 5. Nc3 d6 6. Bg5 Qa5 7. Bxf6 gxf6 8.
Be2 Bg7 9. Nb3 Qg5 10. Nd5 O-O 11. O-O f5 12. f4 Qh4 13. exf5 Bxf5 14. c3 Rae8
15. Nd2 Qh6 16. g4 Qg6 17. Kh1 Bc2 18. Qc1 Be4+ 19. Nxe4 Qxe4+ 20. Bf3 Qd3 21.
Qe1 e6 22. Be4 Qc4 23. b3 Qc5 24. Qh4 f5 25. gxf5 exd5 26. Rg1 dxe4 27. f6 Rf7
28. Qh6 Ree7 29. Rg5 Qxc3 30. Rag1 Qxf6 31. Rxg7+ Qxg7 32. Qxd6 Qxg1+ 33. Kxg1
e3 34. Kf1 e2+ 35. Ke1 Rg7 36. Qc5 b6 37. Qf2 Nb4 0-1

[Event "Frankfurt Ch 2006"]
[Site "Ffm-Kalbach, LAZ"]
[Date "2006.06.12"]
[Round "7.7"]
[White "Schlamp, Robert"]
[Black "Kayser, Felix"]
[Result "1-0"]
[WhiteElo "2228"]
[BlackElo "2083"]
[PlyCount "93"]
[EventDate "2006.??.??"]

1. e4 d5 2. exd5 Qxd5 3. Nc3 Qa5 4. g3 c6 5. Bg2 Nf6 6. Nf3 Bf5 7. O-O e6 8. a3
Nbd7 9. b3 Be7 10. Bb2 O-O 11. d3 Rad8 12. Qe2 Rfe8 13. h3 h6 14. Ne4 Qc7 15.
Nh4 Bh7 16. f4 Qb6+ 17. Kh1 Nd5 18. Rae1 Bxh4 19. gxh4 Ne7 20. Bf3 Nf5 21. Rg1
Kf8 22. Qg2 f6 23. a4 Re7 24. Ba3 c5 25. Qf2 Rc8 26. Nd2 Qc7 27. Be4 b6 28. Rg2
Rce8 29. Nc4 Bg8 30. Reg1 Nd6 31. Nxd6 Qxd6 32. d4 Rc8 33. Bd3 Rc7 34. Bb5 Bh7
35. Qe3 Qd5 36. Kh2 Bf5 37. Rd2 Qe4 38. Qg3 Kg8 39. Re1 Qd5 40. Bc4 Qc6 41. d5
Qd6 42. Rde2 e5 43. Bc1 Kf8 44. fxe5 Rxe5 45. Bf4 Rxe2+ 46. Rxe2 Ne5 47. Rxe5
1-0

[Event "Frankfurt Ch 2006"]
[Site "Ffm-Kalbach, LAZ"]
[Date "2006.06.12"]
[Round "7.8"]
[White "Wahedi, Ahmad Siar"]
[Black "Kinski, Sven"]
[Result "1-0"]
[WhiteElo "2206"]
[BlackElo "1798"]
[PlyCount "59"]
[EventDate "2006.??.??"]

1. d4 g6 2. Nf3 Bg7 3. g3 d6 4. Bg2 Nc6 5. d5 Na5 6. c4 Bd7 7. Qd3 c5 8. Nc3 a6
9. Nd2 Rb8 10. Rb1 b5 11. b3 bxc4 12. bxc4 f5 13. O-O Nh6 14. Nf3 Nf7 15. Bf4
O-O 16. e4 fxe4 17. Nxe4 Bf5 18. Bd2 Rxb1 19. Rxb1 Bxe4 20. Qxe4 Ne5 21. Ng5
Naxc4 22. Be1 Na3 23. Rb3 Nb5 24. Ne6 Qe8 25. Nxf8 Qxf8 26. f4 c4 27. Rb4 Qc8
28. fxe5 Qc5+ 29. Kh1 c3 30. Rc4 1-0

[Event "Frankfurt Ch 2006"]
[Site "Ffm-Kalbach, LAZ"]
[Date "2006.06.12"]
[Round "7.9"]
[White "Von Auer, Ulrich"]
[Black "Brüggemann, Ludger"]
[Result "0-1"]
[WhiteElo "1990"]
[BlackElo "2158"]
[PlyCount "66"]
[EventDate "2006.??.??"]

1. e4 c5 2. Nf3 Nc6 3. d4 cxd4 4. Nxd4 Nf6 5. Nc3 d6 6. Bg5 e6 7. Qd2 a6 8.
O-O-O Bd7 9. f4 h6 10. Bxf6 gxf6 11. Kb1 b5 12. Nxc6 Bxc6 13. Qe3 Qe7 14. Bd3
Qa7 15. Rhe1 Qxe3 16. Rxe3 Be7 17. Ne2 Bd8 18. f5 Bb6 19. Rf3 d5 20. Ng3 O-O-O
21. Re1 Bd4 22. a4 bxa4 23. Bxa6+ Kc7 24. exd5 exd5 25. Ne2 Be5 26. Rh3 Ra8 27.
Bd3 Rhb8 28. c3 a3 29. Nd4 Rxb2+ 30. Ka1 Rxg2 31. Rxh6 a2 32. h4 Rd2 33. Bf1
Rxd4 0-1

[Event "Frankfurt Ch 2006"]
[Site "Ffm-Kalbach, LAZ"]
[Date "2006.06.12"]
[Round "7.10"]
[White "Malek, Daniel"]
[Black "Völker, Sebastian"]
[Result "1-0"]
[WhiteElo "2267"]
[BlackElo "1992"]
[PlyCount "41"]
[EventDate "2006.??.??"]

1. c4 Nf6 2. Nc3 e6 3. e4 d5 4. e5 Ne4 5. Nxe4 dxe4 6. Qg4 Bd7 7. Qxe4 Bc6 8.
Qe3 Na6 9. d4 Nb4 10. Kd2 Bc5 11. Ne2 a5 12. a3 Na6 13. Kc2 Ba7 14. b3 O-O 15.
Bb2 Qh4 16. Rd1 Rfd8 17. Nf4 Rd7 18. Bd3 Rad8 19. Ne2 Bxg2 20. Rhg1 Bc6 21. Rg3
1-0

[Event "Frankfurt Ch 2006"]
[Site "Ffm-Kalbach, LAZ"]
[Date "2006.06.12"]
[Round "7.11"]
[White "Seidel, Andre"]
[Black "Rutkowski, Jörg"]
[Result "1/2-1/2"]
[WhiteElo "2094"]
[BlackElo "1919"]
[PlyCount "40"]
[EventDate "2006.??.??"]

1. e4 Nf6 2. e5 Nd5 3. d4 d6 4. Nf3 dxe5 5. dxe5 Bg4 6. Be2 e6 7. O-O Nc6 8.
Re1 Be7 9. Nbd2 Nf4 10. Bb5 O-O 11. Bxc6 bxc6 12. Re4 Bg5 13. Qf1 Bh6 14. h3
Bf5 15. Rd4 Qe7 16. g4 Bxc2 17. Qc4 Nxh3+ 18. Kg2 c5 19. Qxc2 cxd4 20. Kxh3 f5
1/2-1/2

[Event "Frankfurt Ch 2006"]
[Site "Ffm-Kalbach, LAZ"]
[Date "2006.06.12"]
[Round "7.12"]
[White "Schwenkreis, Thomas"]
[Black "Bonsen, Andreas"]
[Result "1-0"]
[WhiteElo "2090"]
[BlackElo "1885"]
[PlyCount "61"]
[EventDate "2006.??.??"]

1. Nf3 d5 2. b3 e6 3. Bb2 f5 4. d3 b5 5. Nbd2 Nf6 6. Ne5 Bd6 7. e4 O-O 8. exf5
exf5 9. d4 b4 10. Bd3 Qe7 11. O-O Ne4 12. f3 Nc3 13. Qe1 c5 14. f4 cxd4 15.
Ndf3 Bb7 16. Qg3 Nc6 17. Rae1 Qc7 18. Qh3 g6 19. Kh1 Bc5 20. g4 Bc8 21. gxf5
Bxf5 22. Bxf5 Rxf5 23. Nh4 Rh5 24. Qe6+ Kg7 25. Nhxg6 Nxe5 26. Nxe5 Rf8 27.
Qg4+ Kh6 28. Nd7 Ne4 29. Nxf8 Bxf8 30. Qe6+ Kg7 31. Bxd4+ 1-0

[Event "Frankfurt Ch 2006"]
[Site "Ffm-Kalbach, LAZ"]
[Date "2006.06.12"]
[Round "7.13"]
[White "Kolker, Vladislav"]
[Black "Svitek, Volker"]
[Result "1-0"]
[WhiteElo "1856"]
[BlackElo "2045"]
[PlyCount "91"]
[EventDate "2006.??.??"]

1. e4 c5 2. Nf3 Nc6 3. d4 cxd4 4. Nxd4 Nf6 5. Nc3 e5 6. Ndb5 d6 7. Bg5 a6 8.
Na3 Be6 9. Nc4 Rc8 10. Ne3 Be7 11. Bxf6 Bxf6 12. Bc4 O-O 13. O-O Bg5 14. Ncd5
Nd4 15. Bb3 Nxb3 16. axb3 g6 17. Qd3 f5 18. exf5 gxf5 19. f4 exf4 20. Nxf4 Bf7
21. Nxf5 Qb6+ 22. Kh1 Qc5 23. h4 Bg6 24. Nxg6 hxg6 25. Nxd6 Qxc2 26. Qd5+ Kg7
27. Nxc8 Qxc8 28. Rxf8 Qxf8 29. Qxg5 Qf2 30. Rc1 Kf7 31. Rc7+ Ke6 32. Qxg6+ Ke5
33. Re7+ Kd5 34. Qf7+ Qxf7 35. Rxf7 b5 36. h5 Kc5 37. h6 Kb4 38. h7 Kxb3 39.
h8=Q b4 40. Ra7 a5 41. Rxa5 Kc2 42. Rb5 Kb3 43. Qc3+ Ka2 44. Rxb4 Kb1 45. b3
Ka2 46. Ra4+ 1-0

[Event "Frankfurt Ch 2006"]
[Site "Ffm-Kalbach, LAZ"]
[Date "2006.06.12"]
[Round "7.14"]
[White "Hoti, Safet"]
[Black "Benninger, Rudolf"]
[Result "0-1"]
[WhiteElo "1942"]
[BlackElo "2019"]
[PlyCount "91"]
[EventDate "2006.??.??"]

1. d4 g6 2. c4 Bg7 3. Nc3 c5 4. d5 d6 5. e4 e5 6. Be3 Ne7 7. Qa4+ Nd7 8. h4 h6
9. g4 O-O 10. Be2 f5 11. gxf5 gxf5 12. f3 Ng6 13. h5 Nf4 14. Bf1 Nf6 15. Bxf4
exf4 16. O-O-O fxe4 17. fxe4 Ng4 18. Rd2 f3 19. Nh3 Bd4 20. Nd1 Qe7 21. Rxd4
cxd4 22. Nhf2 Bd7 23. Qb3 Qg5+ 24. Kb1 Nxf2 25. Nxf2 b5 26. cxb5 Rac8 27. Nd3
Qe3 28. a4 Kh7 29. Qb4 Qxe4 30. Qxd6 Bf5 31. Ka1 f2 32. Rh2 Rf7 33. Rxf2 Rc1+
34. Ka2 Rxf1 35. Rxf1 Qxd3 36. Rg1 Qe4 37. Qd8 Rg7 38. Rf1 Rd7 39. Qf6 Qxd5+
40. Ka1 Rf7 41. Qc6 Be6 42. Qxd5 Bxd5 43. Rd1 Bb3 44. Rg1 d3 45. Kb1 d2 46. a5
0-1

[Event "Frankfurt Ch 2006"]
[Site "Ffm-Kalbach, LAZ"]
[Date "2006.06.12"]
[Round "7.15"]
[White "Kreiling, Carsten"]
[Black "Schirmer, Karl-Heinz"]
[Result "1-0"]
[WhiteElo "2018"]
[BlackElo "1805"]
[PlyCount "107"]
[EventDate "2006.??.??"]

1. d4 e6 2. c4 d5 3. Nf3 Nf6 4. Bg5 Be7 5. Nc3 O-O 6. e3 c6 7. Qc2 Nbd7 8. cxd5
exd5 9. Bd3 h6 10. Bh4 Re8 11. O-O Nh5 12. Bxe7 Rxe7 13. b4 Nf8 14. Rfc1 Qd6
15. b5 Bd7 16. bxc6 bxc6 17. Rab1 Be8 18. Na4 Ne6 19. Nc5 Nf6 20. Ne5 Nd8 21.
Ba6 Rb8 22. Rxb8 Qxb8 23. Rb1 Qd6 24. h3 Ne4 25. Rc1 Nxc5 26. Qxc5 Qc7 27. Qc3
Qb6 28. Qc5 Qc7 29. Qa3 Re6 30. Nd3 Qe7 31. Qxe7 Rxe7 32. Rb1 Kf8 33. Rb8 Ne6
34. Kf1 Rc7 35. h4 Ke7 36. Ke2 f6 37. Bc8 Bd7 38. Bxd7 Kxd7 39. Rb2 Kd6 40. g4
c5 41. dxc5+ Nxc5 42. Nxc5 Rxc5 43. Rb7 Rc7 44. Rxc7 Kxc7 45. Kd3 Kd6 46. h5
Kc5 47. e4 Kd6 48. Kd4 dxe4 49. Kxe4 Ke6 50. a4 Ke7 51. Kd5 f5 52. gxf5 Kf6 53.
Kc6 Kg5 54. a5 1-0

[Event "Frankfurt Ch 2006"]
[Site "Ffm-Kalbach, LAZ"]
[Date "2006.06.12"]
[Round "7.16"]
[White "Czech, Ludwig"]
[Black "Rotermund, Verena"]
[Result "1-0"]
[WhiteElo "2004"]
[BlackElo "1757"]
[PlyCount "97"]
[EventDate "2006.??.??"]

1. c4 d6 2. g3 e5 3. Bg2 Nc6 4. Nc3 g6 5. e4 Bg7 6. Nge2 f5 7. d3 Nge7 8. O-O
O-O 9. Rb1 Nd4 10. Nxd4 exd4 11. Ne2 c5 12. b4 Nc6 13. b5 Ne5 14. f4 Nf7 15.
exf5 gxf5 16. Bf3 Qf6 17. a4 Rb8 18. a5 b6 19. a6 Bd7 20. Qe1 Rbe8 21. Qf2 Re7
22. Bd2 Qg6 23. Rfe1 Be6 24. Kf1 h5 25. Ng1 Nh6 26. Nh3 Ng4 27. Qg2 Kh8 28. Ng5
Bh6 29. Nxe6 Rxe6 30. Rxe6 Qxe6 31. Re1 Qf7 32. Bd5 Qd7 33. h3 Nf6 34. Be6 Qh7
35. Qf3 Re8 36. Re2 Qg6 37. Be1 Ne4 38. dxe4 Qxe6 39. exf5 Qxc4 40. Qxh5 Qxe2+
41. Qxe2 Rxe2 42. Kxe2 c4 43. Ba5 d3+ 44. Kd2 d5 45. Bxb6 Bf8 46. Bxa7 Bb4+ 47.
Kd1 c3 48. Bd4+ Kg8 49. Bxc3 1-0

[Event "Frankfurt Ch 2006"]
[Site "Ffm-Kalbach, LAZ"]
[Date "2006.06.12"]
[Round "7.17"]
[White "Noble, Alexander"]
[Black "Adair, Robin"]
[Result "0-1"]
[WhiteElo "2008"]
[BlackElo "1797"]
[PlyCount "40"]
[EventDate "2006.??.??"]

1. e4 c5 2. Nc3 Nc6 3. f4 g6 4. Nf3 Bg7 5. Bc4 e6 6. O-O Nge7 7. f5 d5 8. exd5
exd5 9. fxg6 hxg6 10. Be2 Nf5 11. Qe1 Be6 12. Bb5 Qd6 13. Bxc6+ bxc6 14. Ne2
Nd4 15. Nexd4 Bxd4+ 16. Kh1 O-O-O 17. c3 Bg4 18. h3 Rde8 19. Qd1 Qg3 20. Qa4
Rxh3+ 0-1

[Event "Frankfurt Ch 2006"]
[Site "Ffm-Kalbach, LAZ"]
[Date "2006.06.12"]
[Round "7.19"]
[White "Schöne, Matthias"]
[Black "Graebner, Walter"]
[Result "0-1"]
[WhiteElo "1846"]
[BlackElo "1997"]
[PlyCount "84"]
[EventDate "2006.??.??"]

1. e4 c6 2. d4 d5 3. Nc3 dxe4 4. Nxe4 Bf5 5. Ng3 Bg6 6. h4 h6 7. Nf3 Nd7 8. h5
Bh7 9. Bd3 Bxd3 10. Qxd3 e6 11. Bd2 Qc7 12. O-O-O Ngf6 13. Qe2 O-O-O 14. Ne5
Nxe5 15. dxe5 Nd5 16. Kb1 Be7 17. f4 Rhe8 18. Ne4 c5 19. c4 Nb4 20. Bxb4 cxb4
21. c5 Kb8 22. Nd6 Bxd6 23. cxd6 Qd7 24. Rd4 a5 25. Rhd1 Rc8 26. Qd2 Rc5 27.
Qd3 Rec8 28. a3 bxa3 29. Qxa3 f6 30. exf6 gxf6 31. g4 R8c6 32. Qd3 a4 33. Qg6
a3 34. b4 Rc3 35. R1d2 Qc8 36. d7 Rc1+ 37. Ka2 R6c2+ 38. Rxc2 Rxc2+ 39. Kb3
Rb2+ 40. Ka4 Qc6+ 41. Kxa3 Qc3+ 42. Ka4 Ra2+ 0-1

[Event "Frankfurt Ch 2006"]
[Site "Ffm-Kalbach, LAZ"]
[Date "2006.06.12"]
[Round "7.20"]
[White "Gramlich, Sebastian"]
[Black "Matzies, Alexander"]
[Result "0-1"]
[WhiteElo "2184"]
[BlackElo "1894"]
[PlyCount "54"]
[EventDate "2006.??.??"]

1. d4 Nf6 2. Bg5 d5 3. Bxf6 gxf6 4. c4 Nc6 5. e3 Bf5 6. cxd5 Qxd5 7. Nc3 Qd6 8.
a3 O-O-O 9. Qf3 Bg6 10. Bb5 Ne5 11. Qe2 Nd7 12. Nf3 Rg8 13. O-O Bh5 14. Kh1 Bh6
15. Bd3 Rg7 16. Ne4 Qd5 17. Ned2 Bg4 18. Rac1 Rdg8 19. Be4 Qh5 20. Qc4 c6 21.
Rc3 Be6 22. Qa4 Kb8 23. Rxc6 Nb6 24. Rxb6 axb6 25. g3 Bxe3 26. fxe3 Rxg3 27.
Rg1 Qxh2+ 0-1

[Event "Frankfurt Ch 2006"]
[Site "Ffm-Kalbach, LAZ"]
[Date "2006.06.12"]
[Round "7.21"]
[White "Stich, Christopher"]
[Black "Uwira, Oliver"]
[Result "1-0"]
[WhiteElo "1921"]
[BlackElo "2169"]
[PlyCount "111"]
[EventDate "2006.??.??"]

1. e4 c5 2. Nc3 Nc6 3. f4 g6 4. Nf3 Bg7 5. Be2 e6 6. O-O Nge7 7. d3 d5 8. Qe1
Nd4 9. Bd1 O-O 10. Ne2 Nxf3+ 11. Rxf3 dxe4 12. dxe4 e5 13. Nc3 exf4 14. Bxf4
Nc6 15. Qg3 Be6 16. Bd6 Re8 17. Bxc5 Qa5 18. Bd6 Rad8 19. Kh1 Rd7 20. Rf1 Red8
21. Bf4 Qb4 22. Rb1 Bxc3 23. Qxc3 Qxc3 24. bxc3 Bxa2 25. Ra1 Bc4 26. Re1 Be6
27. Be2 a6 28. g4 f6 29. h4 Kg7 30. Kg2 h6 31. g5 fxg5 32. hxg5 h5 33. Kg3 Rc8
34. Red1 Rxd1 35. Rxd1 Rd8 36. Ra1 Re8 37. Bd3 Bc8 38. c4 Ne5 39. Ra5 Nf7 40.
Rc5 Bd7 41. Rc7 Bc6 42. e5 Re6 43. c5 Kf8 44. Bc4 Re7 45. Rc8+ Re8 46. Rc7 Nxe5
47. Bb3 Re7 48. Rxe7 Kxe7 49. Bxe5 a5 50. Kf4 a4 51. Bc4 a3 52. Bc3 Ba4 53. Bb4
Bxc2 54. Bxa3 Kd7 55. Bd5 Kc7 56. Bb2 1-0

[Event "Frankfurt Ch 2006"]
[Site "Ffm-Kalbach, LAZ"]
[Date "2006.06.12"]
[Round "7.22"]
[White "Wanie, Karsten"]
[Black "Ahrends, Norbert"]
[Result "0-1"]
[WhiteElo "2055"]
[BlackElo "1884"]
[PlyCount "54"]
[EventDate "2006.??.??"]

1. d4 d5 2. c4 c6 3. Nf3 Nf6 4. e3 e6 5. Bd3 Nbd7 6. O-O dxc4 7. Bxc4 b5 8. Bd3
a6 9. a4 Bb7 10. Nbd2 Qb6 11. Qe2 Be7 12. e4 O-O 13. e5 Nd5 14. Qe4 g6 15. Qg4
c5 16. a5 Qc7 17. Ne4 cxd4 18. Qg3 Nb4 19. Bg5 Nxd3 20. Bxe7 Bxe4 21. Ng5 Bf5
22. Qh4 h5 23. Bd6 Qd8 24. f4 f6 25. exf6 Nxf6 26. Bxf8 Qxf8 27. Rad1 Nxb2 0-1

[Event "Frankfurt Ch 2006"]
[Site "Ffm-Kalbach, LAZ"]
[Date "2006.06.12"]
[Round "7.23"]
[White "Kabir, Razaul"]
[Black "Noble, Fabian"]
[Result "1-0"]
[WhiteElo "2024"]
[BlackElo "1866"]
[PlyCount "47"]
[EventDate "2006.??.??"]

1. e4 d6 2. d4 Nf6 3. Nc3 c6 4. Be3 Qa5 5. f3 e6 6. Qd2 d5 7. e5 Nfd7 8. f4 b5
9. Nf3 Nb6 10. Bd3 Nc4 11. Bxc4 bxc4 12. O-O g6 13. Qf2 Nd7 14. Ne2 Rb8 15. b3
Ba6 16. g4 h5 17. f5 gxf5 18. gxf5 Be7 19. fxe6 fxe6 20. Ng5 Nf8 21. Qf7+ Kd7
22. Qg7 Nh7 23. Rf7 Qd8 24. Nxh7 1-0

[Event "Frankfurt Ch 2006"]
[Site "Ffm-Kalbach, LAZ"]
[Date "2006.06.12"]
[Round "7.26"]
[White "Kolompar, Josef"]
[Black "Calvi, Stefan"]
[Result "1-0"]
[WhiteElo "1909"]
[BlackElo "1943"]
[PlyCount "108"]
[EventDate "2006.??.??"]

1. e4 c5 2. Nf3 Nc6 3. d4 cxd4 4. Nxd4 Nf6 5. Nc3 e5 6. Ndb5 d6 7. Bg5 a6 8.
Na3 b5 9. Nd5 Be7 10. Nxe7 Nxe7 11. f3 Be6 12. c4 O-O 13. Qd2 Qb8 14. b3 b4 15.
Nc2 Nc6 16. Rd1 Ne8 17. g4 f6 18. Be3 Rf7 19. Bd3 a5 20. Kf2 Nd8 21. Kg3 Nb7
22. h4 Nc5 23. Bxc5 dxc5 24. Qf2 Qc8 25. Ne3 a4 26. Nd5 Qc6 27. Bc2 axb3 28.
Bxb3 Nd6 29. Rd2 g6 30. Qe3 Ne8 31. Rhd1 Ng7 32. Kh2 Bc8 33. Qh6 Bb7 34. Ne3
Ne6 35. Rd6 Qe8 36. Nd5 Rd8 37. Rb6 Bxd5 38. cxd5 Nd4 39. d6 Nxb3 40. axb3 Qe6
41. Rd5 Rfd7 42. Qe3 Rxd6 43. Rbxd6 Rxd6 44. Qxc5 Rxd5 45. exd5 Qa6 46. Qe3 Kf7
47. Kg3 Qb7 48. Qc5 f5 49. gxf5 gxf5 50. Qd6 f4+ 51. Kh2 Qb5 52. Qxe5 Qf1 53.
Qxf4+ Ke8 54. Qe5+ Kd8 1-0

[Event "Frankfurt Ch 2006"]
[Site "Ffm-Kalbach, LAZ"]
[Date "2006.06.12"]
[Round "7.27"]
[White "Genis, Roy"]
[Black "Syed, Tareq"]
[Result "1-0"]
[WhiteElo "1812"]
[BlackElo "1931"]
[PlyCount "129"]
[EventDate "2006.??.??"]

1. e4 e5 2. Nf3 Nc6 3. d4 Nxd4 4. Nxd4 exd4 5. Qxd4 Ne7 6. Bb5 Nc6 7. Bxc6 bxc6
8. O-O d6 9. Bf4 Be7 10. Nc3 O-O 11. e5 d5 12. Rfe1 Be6 13. Na4 Qb8 14. Nc5 Qb5
15. Be3 Bf5 16. a4 Bxc5 17. axb5 Bxd4 18. Bxd4 cxb5 19. Bxa7 Bxc2 20. Rec1 Be4
21. f3 Bf5 22. Rxc7 d4 23. Rd1 d3 24. g4 Bg6 25. f4 Be4 26. Kf2 Rfc8 27. Rxc8+
Rxc8 28. Ke3 f5 29. exf6 Re8 30. fxg7 Kxg7 31. Bd4+ Kg6 32. Be5 Bc6 33. Rxd3
Rc8 34. Rd6+ Kf7 35. h4 Be8 36. Rf6+ Kg8 37. Rb6 Rc1 38. Rb7 Rg1 39. g5 Bg6 40.
Rxb5 Rh1 41. Rb6 Rxh4 42. b4 Rh3+ 43. Kd4 Rd3+ 44. Kc5 Be4 45. Rd6 Rb3 46. b5
Rb1 47. b6 Kf7 48. Rd4 Bf3 49. Bc7 Ke7 50. Bd8+ Ke6 51. Rd6+ Kf5 52. Rf6+ Ke4
53. Rf7 Rc1+ 54. Kd6 Rd1+ 55. Kc7 Rc1+ 56. Kb8 Bg4 57. Bc7 Kd5 58. Rxh7 Kc6 59.
Rh6+ Kd7 60. Rd6+ Ke8 61. b7 Bf3 62. Rb6 Kd7 63. Be5 Be2 64. Ka7 Rc5 65. Rd6+
1-0

[Event "Frankfurt Ch 2006"]
[Site "Ffm-Kalbach, LAZ"]
[Date "2006.06.12"]
[Round "7.28"]
[White "Stricker, Konstantin"]
[Black "Göbel, Andreas"]
[Result "0-1"]
[WhiteElo "1703"]
[BlackElo "1923"]
[PlyCount "142"]
[EventDate "2006.??.??"]

1. e4 c5 2. Nf3 Nc6 3. d4 cxd4 4. Nxd4 Nf6 5. Nc3 d6 6. Be2 g6 7. Be3 Bg7 8.
O-O O-O 9. Kh1 Bd7 10. f4 Nxd4 11. Bxd4 Bc6 12. Bf3 Qa5 13. a3 Rad8 14. b4 Qc7
15. b5 e5 16. bxc6 exd4 17. Nb5 Qxc6 18. Nxd4 Qc4 19. Be2 Qc3 20. Rf3 Qc5 21.
Nb3 Qc6 22. Rb1 Qxe4 23. Nd2 Qc6 24. Rf1 d5 25. Bf3 Ne4 26. Qc1 b5 27. Nxe4
dxe4 28. Be2 a6 29. c4 bxc4 30. Bxc4 Rc8 31. Be2 Qxc1 32. Rfxc1 Rxc1+ 33. Rxc1
Bb2 34. Rb1 Bxa3 35. Bxa6 Re8 36. Kg1 Kg7 37. Kf1 Re7 38. Ke2 Rc7 39. Ke3 f5
40. Rb7 Rxb7 41. Bxb7 Bc1+ 42. Ke2 Bxf4 43. h3 Kf6 44. Bd5 Ke5 45. Bg8 h5 46.
Bf7 Kf6 47. Be8 h4 48. Bd7 Ke5 49. Be8 g5 50. Bd7 Bc1 51. Bc8 Ba3 52. Bd7 Bc5
53. Bc8 Kf4 54. Bd7 g4 55. Be6 gxh3 56. gxh3 Kg5 57. Bd5 Kf6 58. Bb7 Ke5 59.
Bc8 f4 60. Bg4 Kf6 61. Bh5 Kg5 62. Bg4 Bd4 63. Bd7 f3+ 64. Kf1 Kf4 65. Bb5 Kg3
66. Bc6 e3 67. Bb5 Kxh3 68. Bc4 Kg3 69. Be2 fxe2+ 70. Ke1 h3 71. Kxe2 h2 0-1

[Event "Frankfurt Ch 2006"]
[Site "Ffm-Kalbach, LAZ"]
[Date "2006.06.12"]
[Round "7.29"]
[White "Mahnke, Ralf"]
[Black "Kästle, Rainer"]
[Result "0-1"]
[WhiteElo "1776"]
[BlackElo "1987"]
[PlyCount "74"]
[EventDate "2006.??.??"]

1. d4 Nf6 2. c4 g6 3. Nc3 d5 4. cxd5 Nxd5 5. Nxd5 Qxd5 6. Nf3 Bg7 7. e3 O-O 8.
Be2 c5 9. O-O Nc6 10. dxc5 Qxc5 11. Qb3 Be6 12. Qb5 Qxb5 13. Bxb5 Rac8 14. e4
Nd4 15. Nxd4 Bxd4 16. Ba4 Bc4 17. Re1 b5 18. Bb3 Bxb3 19. axb3 Rc2 20. Be3 Bxe3
21. fxe3 Ra8 22. Rab1 Rac8 23. Kf1 Kg7 24. Re2 Kf6 25. Rd1 Rxe2 26. Kxe2 Rc2+
27. Rd2 Rxd2+ 28. Kxd2 Ke5 29. Kd3 a5 30. h3 g5 31. g3 h5 32. g4 h4 33. b4 a4
34. Ke2 Kxe4 35. Kd2 e6 36. Ke2 f5 37. gxf5 exf5 0-1

[Event "Frankfurt Ch 2006"]
[Site "Ffm-Kalbach, LAZ"]
[Date "2006.06.12"]
[Round "7.30"]
[White "Müller, Pascal"]
[Black "Hupprich, Thorsten"]
[Result "1/2-1/2"]
[WhiteElo "1785"]
[BlackElo "2003"]
[PlyCount "55"]
[EventDate "2006.??.??"]

1. e4 e5 2. Nf3 Nc6 3. Bb5 a6 4. Ba4 Nf6 5. O-O Be7 6. Re1 b5 7. Bb3 O-O 8. c3
d5 9. exd5 Nxd5 10. Nxe5 Nxe5 11. Rxe5 c6 12. d4 Bd6 13. Re1 Qh4 14. g3 Qh3 15.
Be3 Be6 16. Qf3 Rae8 17. Nd2 f5 18. Qg2 Qh5 19. f4 Nxe3 20. Rxe3 Bxb3 21. Rxe8
Rxe8 22. Nxb3 Re2 23. Qh1 Qe8 24. Qf3 Re3 25. Qf2 Qe4 26. Nd2 Qe6 27. Nf3 Qe4
28. Ng5 1/2-1/2

[Event "Frankfurt Ch 2006"]
[Site "Ffm-Kalbach, LAZ"]
[Date "2006.06.12"]
[Round "7.31"]
[White "Seickel, Ralf"]
[Black "Fischer, Manfred"]
[Result "1/2-1/2"]
[WhiteElo "1985"]
[BlackElo "1779"]
[PlyCount "86"]
[EventDate "2006.??.??"]

1. e4 e5 2. Nf3 Nc6 3. d4 exd4 4. Nxd4 Nf6 5. Nxc6 bxc6 6. e5 Nd5 7. Bd3 Bc5 8.
O-O Qe7 9. c3 a5 10. Re1 Qh4 11. Qf3 Ba6 12. Be4 Ne7 13. Bf4 Ng6 14. g3 Qe7 15.
Nd2 Nxf4 16. Qxf4 O-O 17. Nf3 Rab8 18. b3 f6 19. Qh4 f5 20. Qxe7 Bxe7 21. Bc2
f4 22. g4 c5 23. Rad1 d6 24. exd6 Bxd6 25. Ng5 h6 26. Ne4 Rbd8 27. Rd2 Bb7 28.
Nxd6 cxd6 29. Re7 Rf7 30. Rde2 Kf8 31. Rxf7+ Kxf7 32. Bf5 g6 33. Be4 d5 34. Bf3
Ba6 35. Re5 Bb7 36. c4 Kf6 37. Re1 Rd7 38. cxd5 Bxd5 39. Bxd5 Rxd5 40. Kg2 Rd2
41. Rc1 Rxa2 42. Rxc5 Ra3 43. Rb5 g5 1/2-1/2